[Event "ROM-ch U14"]
[Site "Calimanesti"]
[Date "2014.04.10"]
[Round "6"]
[White "Brindea, Claudiu Gabriel"]
[Black "Flueras, Robert Lucian"]
[Result "0-1"]
[WhiteElo "1106"]
[BlackElo "1513"]
[PlyCount "46"]
[EventDate "2014.04.06"]
[EventType "swiss"]
[EventRounds "9"]
[EventCountry "ROU"]
[SourceTitle "CBM 160 Extra"]
[Source "ChessBase"]
[SourceDate "2014.07.01"]
[SourceVersion "1"]
[SourceVersionDate "2014.07.01"]
[SourceQuality "1"]

1. e4 c5 2. Nc3 d6 3. g3 Nf6 4. Bg2 Nc6 5. d3 Bg4 6. f3 Bd7 7. Nge2 Qc8 8. h3 h5 9. Bg5 g6 10. Bxf6 exf6 11. d4 cxd4 12. Nxd4 Be7 13. Nd5 Be6 14. Nxc6 Qxc6 15. Nxe7 Kxe7 16. Qd2 Rac8 17. 0-0-0 Bxa2 18. f4 Bb3 19. e5 Qxc2+ 20. Qxc2 Rxc2+ 21. Kb1 Rxg2 22. exd6+ Kd7 23. Rd3 Bc2+ 0-1

[Event "ROM-ch U14"]
[Site "Calimanesti"]
[Date "2014.04.08"]
[Round "3"]
[White "Stoica, Eduard Constantin"]
[Black "Brindea, Claudiu Gabriel"]
[Result "1-0"]
[WhiteElo "1567"]
[BlackElo "1106"]
[PlyCount "71"]
[EventDate "2014.04.06"]
[EventType "swiss"]
[EventRounds "9"]
[EventCountry "ROU"]
[SourceTitle "CBM 160 Extra"]
[Source "ChessBase"]
[SourceDate "2014.07.01"]
[SourceVersion "1"]
[SourceVersionDate "2014.07.01"]
[SourceQuality "1"]

1. c4 b6 2. Nc3 Bb7 3. Nf3 Nf6 4. g3 Nc6 5. Bg2 d5 6. cxd5 Nxd5 7. 0-0 e5 8. d4 Nxd4 9. Nxd4 exd4 10. Qxd4 Nxc3 11. Qe3+ Qe7 12. Bxb7 Qxe3 13. Bc6+ Ke7 14. Bxe3 Nxe2+ 15. Kg2 Rd8 16. Rfe1 Rd6 17. Bf3 Rd7 18. Rxe2 Kf6 19. h4 Bc5 20. Bxc5 bxc5 21. Rc1 Rhd8 22. Rxc5 Rd2 23. Rc6+ R8d6 24. Rxd2 Rxc6 25. Bxc6 a5 26. Re2 h6 27. g4 g5 28. h5 a4 29. Kf3 a3 30. bxa3 Kg7 31. Ke4 f5+ 32. Kxf5 Kf7 33. Re6 Kg7 34. Re7+ Kf8 35. Kf6 Kg8 36. Re8+ 1-0